000 00687cab a2200193 4500
001 ABS40831
008 090401t1989 xxu||||| |||| 00| 0 eng d
035 _a(Sirsi) u26233
041 _aeng
100 _aYoung, E.S.
245 _aShop canopies and advertisements
260 _c1989
350 _a0
490 _aJPL
_v(1989) 319-322(4)
520 _aExamines planning permission requirements in relation to the display of advertisements on fixed shop canopies , business premises and hoardings. Highlights relevant appeal decisions and a recent Scottish case, City of Glasgow DC v SoS for Scotland.
690 _aPLANNING LAW AND PRACTICE
942 _n0
948 _c04/03/1997
999 _c17613
_d17613